Reklamné stavby po novele stavebného zákona

Pokračovanie z predchádzajúceho čísla. Analýza zmien týkajúcich sa sankcií za nelegálne reklamné stavby, resp. priestupkov a správnych deliktov podľa zákona č. 50/1976 Zb. o územnom plánovaní a stavebnom poriadku v rámci aktuálnej novely zákona.

Gespeichert in:
Bibliographische Detailangaben
1. Verfasser: Spišiaková, Helena
Format: Buchkapitel
Sprache:Slowakisch
Schlagworte:
Tags: Tag hinzufügen
Keine Tags, Fügen Sie das erste Tag hinzu!

MARC

LEADER 00000naa a2200000 4500
001 0278908
005 20211006103929.0
041 0 |a slo 
044 |a SK 
245 1 0 |a Reklamné stavby po novele stavebného zákona  |c Helena Spišiaková 
520 |a Pokračovanie z predchádzajúceho čísla. Analýza zmien týkajúcich sa sankcií za nelegálne reklamné stavby, resp. priestupkov a správnych deliktov podľa zákona č. 50/1976 Zb. o územnom plánovaní a stavebnom poriadku v rámci aktuálnej novely zákona. 
610 2 0 |a novelizácia 
610 2 0 |a legalizácia 
610 2 0 |a stavby 
610 2 0 |a reklama 
610 2 0 |a sankcie 
100 1 |a Spišiaková, Helena